00860 2200313 4500001002100000005001500021035002000036007000300056040001200059100003000071245006900101250001200170300003700182504002600219020002200245041000800267082001000275084001600285090001600301264003700317336002100354337003000375338002300405650002300428850001000451008004100461990002200502990002200524INLIS00000000000674320260411120330 a0010-0622000078ta aSBPUPAD0 aUsep KustiawanePengarang1 aPengembangan Media Pembelajaran Anak Usia Dini /cUsep Kustiawan a.-cet.1 aviii,240 hlm. :billus. ;c23 cm aBibliografi, hlm 240 a978-602-1223-48-20 aind a372.1 a372.1 USE p a372.1 USE p aMalang :bGunung Samudera,c2016 2rdacontentaTeks 2rdamediaaTanpa Perantara 2rdacarrieravolume 4aMedia Pembelajaran aPUPAD260411 0  a30.382/B/DPK/2018 a30.381/B/DPK/2018